ՀՀ Գիտությունների ազգային ակադեմիայի հիմնարար գիտական գրադարան  =   Fundamental Scientific Library of NAS RA

Армянская музыка о Ленине : (Record no. 135220)

MARC details
000 -LEADER
fixed length control field 00926nam a2200229 a 4500
001 - CONTROL NUMBER
control field 000353084
003 - CONTROL NUMBER IDENTIFIER
control field AM-YeHGA
005 - DATE AND TIME OF LATEST TRANSACTION
control field 20250618072213.0
008 - FIXED-LENGTH DATA ELEMENTS--GENERAL INFORMATION
fixed length control field 040720s1987 ai 000 | rus d
040 ## - CATALOGING SOURCE
Original cataloging agency AM-YeHGA
041 0# - LANGUAGE CODE
Language code of text/sound track or separate title rus
090 ## - LOCALLY ASSIGNED LC-TYPE CALL NUMBER (OCLC); LOCAL CALL NUMBER (RLIN)
-- 136589
100 1# - MAIN ENTRY--PERSONAL NAME
Personal name Аванесова, Ирина Рафаеловна.
245 10 - TITLE STATEMENT
Title Армянская музыка о Ленине :
Remainder of title Исследование /
Statement of responsibility, etc. И.Аванесова; Отв. ред. Г.Г.Тигранов.
260 ## - PUBLICATION, DISTRIBUTION, ETC.
Place of publication, distribution, etc. Ереван :
Name of publisher, distributor, etc. Советакан грох,
Date of publication, distribution, etc. 1987.
300 ## - PHYSICAL DESCRIPTION
Extent 84 с. :
Other physical details нот. ;
Dimensions 22 см.
504 ## - BIBLIOGRAPHY, ETC. NOTE
Bibliography, etc. note Библиогр. в подстроч. примеч.
600 14 - SUBJECT ADDED ENTRY--PERSONAL NAME
Personal name Ленин, Владимир Ильич
650 14 - SUBJECT ADDED ENTRY--TOPICAL TERM
Topical term or geographic name entry element Армянская музыка
650 14 - SUBJECT ADDED ENTRY--TOPICAL TERM
Topical term or geographic name entry element Ленинская тема в музыке
700 1# - ADDED ENTRY--PERSONAL NAME
Personal name Տիգրանյան, Գևորգ Գրիգորի,
Dates associated with a name 1908-1991
Relator term отв. ред.
Relationship edt
9 (RLIN) 3405
Holdings
Withdrawn status Lost status Source of classification or shelving scheme Damaged status Not for loan Collection Home library Current library Date acquired Total checkouts Full call number Barcode Date last seen Price effective from Koha item type Public note
    Universal Decimal Classification     General Fundamental Scientific Library Fundamental Scientific Library 22/12/2016   PII/578618 FL0094203 22/12/2016 22/12/2016 Գրքեր / Books 30 Days Loan
          General Fundamental Scientific Library Fundamental Scientific Library 22/12/2016   Р2/585361 FL0082104 22/12/2016 22/12/2016 Գրքեր / Books 30 Days Loan


ՀՀ ԳԱԱ հիմնարար գիտական գրադարան
ՀՀ,Երևան 0019
Մարշալ Բաղրամյան 24/6
հեռախոս:(374-10) 52-47-50
Հետադարձ կապ

All site content, except where otherwise noted, is licensed under a
Creative Commons License